000 01562nam a2200289 a 4500
003 EG-GiCUC
008 190702s2018 ts a g 000 0 ara d
020 _a9789948241430
040 _aEG-GiCUC
_bara
_cEG-GiCUC
092 0 4 _a418.24
_bH344
_221
099 _a04
_a418.24 H344
100 1 _aحسنين : محمد رفعت
245 1 0 _aوثيقة المستويات المعيارية لتعليم اللغة العربية للناطقين بغيرها /
_cدراسة اعدها محمد رفعت حسنين : السيد العربى يوسف : ابراهيم احمد الشافعى
260 _aالامارت العربية : الشارقة :
_bمكتب التربية العربى لدول الخليج : المركز التربوى للغة العربية لدول الخليج :
_c2018
300 _a234 ص :
_b؛ ايض
_c25 سم
504 _aيشتمل على ارجاعات ببليوجرافية(ص227 - 234)
650 7 _aاللغة العربية
_xتعليم و تدريس للاجانب
_2qrmak
650 7 _aاللغة العربية
_xطرق التدريس
_2qrmak
700 1 _aالشافعى : ابراهيم احمد
700 1 _aيوسف : السيد العربى
710 1 _aمكتب التربية العربى لدول الخليج .
_bالمركز التربوى للغة العربية لدول الخليج
902 _a1
905 _aجيهان شعراوى
_eمراجع
905 _aغاده
_eمدخل
942 _2ddc
_cBK
999 _c154582
_d154582